00481nam a22001457a 4500003000500000038001800005082000800023100001800031245009200049264003500141300002500176650004300201700003300244856005800277NUST aNusrat Nadeem a200 aAijaz, Rukhma aExploring the Impact of DST and Animations on Students' Science Skills/cRukhma Aijaz,  aIslamabad;bSEECS NUST;c2024. a154,p;bill;c30,cm. aMS-Innovative Technologies in Learning aSupervisor: Dr. Sohail Iqbal u http://10.250.8.41:8080/xmlui/handle/123456789/45256